00538nmm a2200169Ia 4500008004100000041000800041100003300049245001300082264008900095300001800184650002200202700003300224700003600257856005100293942000700344999001700351251105s9999||||xx |||||||||||||||||und|| aspa aBartolomé Benito, Fernando 0aAmadís a[Madrid, España] :bEdiciones Nowtilus, c[Fecha de publicación no identificada] a544 páginas aSpanish narrative aBartolomé Benito, Fernando1 a Rodríguez de Montalvo, Garci uhttps://public.digitaliapublishing.com/a/84579 cCF c62557d62557